[Event "Arisan Chess Ladies WGM 2019"]
[Site "Modra-Piesok"]
[Date "2019.09.14"]
[Round "1.1"]
[White "Kantorik, Marian"]
[Black "Dimitrijevic, Aleksandra"]
[Result "1/2-1/2"]
[WhiteElo "2150"]
[BlackElo "2142"]
[Annotator "TA"]
[PlyCount "49"]
[EventDate "2019.09.14"]
[EventType "tourn"]
[EventRounds "10"]
[EventCountry "SVK"]
[SourceTitle "playchess.com"]
[Source "ChessBase"]
[SourceQuality "1"]

{[%evp 15,49,58,41,45,61,36,53,13,12,9,29,0,0,0,20,12,49,2,45,14,22,-3,11,12,35,8,36,27,47,38,51,0,54,0,76,0]} 1. d4 d6 2. c4 Nf6 3. Nc3 Bf5 4. Nf3 h6 5. g3 c6 6. Bg2 Nbd7 7. O-O e5 8. Nh4 Bh7 9. e4 {A53: Old Indian Defence without Nf3} (9. d5 e4 10. Bh1 Be7 11. Ng2 Ne5 12. Ne3 Qd7 13. b4 h5 14. dxc6 bxc6 15. b5 cxb5 16. cxb5 h4 {1-0 (50) Potkin,V (2608)-Klein,D (2517) Wijk aan Zee 2015}) 9... Be7 10. Re1 O-O 11. b3 {White is slightly better.} Re8 12. Bb2 Bf8 $146 ({Predecessor:} 12... Qc7 13. Qd2 Rad8 14. Rad1 Bf8 15. h3 a5 16. Kh1 exd4 17. Qxd4 {0-1 (33) Batsuren,D (2194)-Galmandakh,B (2256) Dadal 2017}) 13. Qd2 exd4 14. Qxd4 Qc7 15. Rad1 a5 16. h3 Rad8 {[%cal Ba8d8,Bd8d7,Bd7e7][%mdl 32]} 17. Kh2 Nc5 18. Re2 Rd7 19. Rde1 Rde7 20. f4 b6 21. Bf3 Ne6 22. Qd2 Nc5 {[%cal Rf6e4]} 23. Qd4 Ne6 24. Qd2 Nc5 {[%cal Rf6e4]} 25. Qd4 {Accuracy: White = 18%, Black = 31%.} (25. Nf5 $16) 1/2-1/2

[Event "Arisan Chess Ladies WGM 2019"]
[Site "Modra-Piesok"]
[Date "2019.09.14"]
[Round "1.2"]
[White "Cibickova, Zuzana"]
[Black "Trippold, Denise"]
[Result "1-0"]
[WhiteElo "2244"]
[BlackElo "2184"]
[Annotator "TA"]
[PlyCount "69"]
[EventDate "2019.09.14"]
[EventType "tourn"]
[EventRounds "10"]
[EventCountry "SVK"]
[SourceTitle "playchess.com"]
[Source "ChessBase"]
[SourceQuality "1"]

{[%evp 17,68,8,15,11,8,11,9,4,10,-4,10,-50,-38,-60,10,-35,-18,-41,-39,-85,158,0,155,0,118,107,170,54,45,-212,-200,-214,-188,-206,-184,-200,0,0,0,0,0,-94,-10,-184,-146,-121,87,75,1064,983,29998,29999,29999]} 1. e4 e6 2. d4 d5 3. Nc3 Nf6 4. e5 Nfd7 5. f4 c5 6. Nf3 Nc6 7. Be3 a6 8. Qd2 b5 {[%cal Bb7b5,Bb5b4][%mdl 32]} 9. dxc5 Bxc5 10. Bd3 {C11: French: Classical System: 4 e5 and 4 Bg5 dxe4} Qb6 11. Bf2 h6 12. O-O {The position is equal.} O-O 13. Rae1 {[#]} b4 $146 ({Predecessor:} 13... Ra7 14. f5 Bxf2+ 15. Rxf2 d4 16. Ne4 exf5 17. Ng3 f6 {½-½ (56) Yu,Y (2749)-Vitiugov,N (2720) Khanty-Mansiysk 2017}) 14. Nd1 (14. Na4 $11 Bxf2+ 15. Rxf2) 14... a5 $15 15. Ne3 f5 ({Black should try} 15... Ba6 $15) 16. Kh1 Ba6 17. Rg1 Bxd3 18. Qxd3 Nd4 $2 (18... Qa6 $17) 19. Nh4 $2 (19. Nxd4 $1 $16 {And now c3 would win.} Bxd4 20. Nxd5 $1 {[%mdl 512]} exd5 21. Bxd4) 19... Kh7 $2 (19... Qa6 $11) 20. Qd1 $2 ({White should play} 20. g4 $16) 20... Qd8 (20... Rac8 $11) 21. g4 $16 ({Much weaker is} 21. Qh5 $6 Qe8 $11) 21... fxg4 22. Qxg4 ({Better is} 22. Qd3+ $1 $18 Nf5 23. Nhxf5 exf5 24. Rxg4 (24. Qxd5 Qc7 $11)) 22... g5 $1 $14 23. Qh5 $2 {[%mdl 8192]} (23. Nxd5 $14 {stays ahead.} exd5 24. f5 Nxf5 25. Bxc5 Nxh4 26. Bxf8 Nxf8 27. Ref1) 23... Qe8 $19 24. Rxg5 Qxh5 25. Rxh5 {Hoping for Ng4.} Rxf4 26. Bg3 Rf7 $2 (26... Re4 $19 {Strongly threatening ...Rf8.} 27. c4 bxc3 28. bxc3 Nc6) 27. Ng4 $36 {[%mdl 2048] White has the initiative.} Bf8 28. Bf2 $1 {[%cal Rf2d4]} Rf4 (28... Nxc2 $6 29. Rg1 $16) 29. h3 {[#]} (29. Rg1 $1 $11) 29... Nf3 ({Reject} 29... Nxc2 $6 30. Rc1 $11) (29... Rxf2 $1 $17 {[%mdl 512]} 30. Nxf2 Rc8) 30. Rc1 $2 (30. Re2 $11 {and White has nothing to worry.}) 30... Nxh4 31. Rxh4 {[#]} Rf7 $2 (31... Nxe5 $1 $17 {[%mdl 512] stays on course.} 32. Be3 (32. Nxe5 Rxf2) 32... Ng6 33. Bxf4 Nxh4) 32. Be3 $16 Kg6 $2 {[%mdl 8192]} (32... Rf3 $16) 33. Rg1 $18 {White wants to mate with Nf6+.} Be7 34. Nf6+ {[%mdl 64] Discovered Attack} Kf5 35. Rh5# {Accuracy: White = 24%, Black = 27%.} 1-0

[Event "Arisan Chess Ladies WGM 2019"]
[Site "Modra-Piesok"]
[Date "2019.09.14"]
[Round "1.3"]
[White "Gvanceladze, Anna"]
[Black "Kanakova, Natalie"]
[Result "1-0"]
[WhiteElo "2247"]
[BlackElo "2201"]
[Annotator "TA"]
[PlyCount "95"]
[EventDate "2019.09.14"]
[EventType "tourn"]
[EventRounds "10"]
[EventCountry "SVK"]
[SourceTitle "playchess.com"]
[Source "ChessBase"]
[SourceQuality "1"]

{[%evp 14,95,2,3,16,8,31,-10,25,29,29,-3,0,0,0,-8,-21,-38,-22,-45,0,0,0,0,0,0,-2,-142,-20,-41,0,0,0,0,0,0,0,0,0,0,172,-24,85,0,185,173,178,181,253,256,222,192,336,331,478,474,549,392,420,383,500,265,441,441,441,441,440,440,455,478,628,706,672,613,780,767,404,386,29985,29986,29991,29992,29994,1018]} 1. d4 Nf6 2. Nf3 e6 3. e3 b6 4. Bd3 Bb7 5. O-O d5 6. b3 Bd6 7. Bb2 O-O 8. c4 dxc4 {E14: Queen's Indian: Classical Variation (4 e3)} 9. bxc4 (9. Bxc4 Nbd7 10. Nc3 Qe7 11. Nb5 a6 12. Nxd6 cxd6 13. Nd2 Ne4 14. Nxe4 Bxe4 15. f3 Bg6 16. a4 {1-0 (29) Harikrishna,P (2729)-So,W (2765) Kolkata 2018}) 9... c5 10. Nc3 Nbd7 {The position is equal.} 11. d5 $146 ({Predecessor:} 11. Nb5 Be7 12. Ne5 Nxe5 13. dxe5 Nd7 14. f4 a6 15. Nc3 f5 16. Qc2 {1-0 (36) Dimov,D (1881)-Aslanov,U Varna 2014}) 11... exd5 12. cxd5 a6 13. a4 Ne5 14. Nxe5 Bxe5 15. e4 {[#]} c4 $1 {[%mdl 512]} 16. Bb1 (16. Bxc4 Qc7) 16... Re8 17. Qd2 {[#]} b5 $1 {[%mdl 512]} 18. axb5 axb5 {aiming for ...b4.} 19. Rxa8 Bxa8 20. f4 (20. Nxb5 $11 {keeps the balance.} Bxb2 21. Qxb2 Nxe4 22. Bxe4 Rxe4 23. f3) 20... Qb6+ (20... Bd6 $17 {Strongly threatening ...b4.} 21. Qc2 Bc5+ 22. Kh1 Ng4) 21. Kh1 $11 Bd4 22. Qd1 $36 {[%mdl 2048] White is pushing.} Bxc3 23. Bxc3 b4 24. Bd4 Qa6 25. Re1 h6 26. h3 Bb7 $2 (26... Qd6 $11) 27. Kh2 $2 (27. Bxf6 $1 $18 {And now Bd4 would win.} Qxf6 28. Qa4 $1 {[%mdl 576] Double Attack}) 27... Ba8 {[#]} (27... Qd6 $11) 28. Kh1 (28. Be5 $1 $16) 28... Bb7 $18 {[#]} 29. Bxf6 $1 Qxf6 {[#]} 30. Qa4 $1 {[%csl LRb4,LRe8][%mdl 576] Double Attack} Qe7 {[#]} (30... Rd8 {might work better.}) 31. d6 $1 {[%cal Rd6e7][%mdl 512]} Qe6 (31... Qxd6 32. Qxe8+) 32. Qxb4 Qd7 (32... Bc6 {keeps fighting.} 33. Qc5 Rc8) 33. Kh2 Rd8 (33... g6 {was called for.} 34. e5 Bd5) 34. e5 Bd5 35. Be4 Be6 36. Qb1 f5 37. Bf3 c3 $2 (37... Qa7 {is a better defense.} 38. Qc1 Kh7) 38. Qc2 Qc8 39. Qd3 Qc5 40. Rc1 Qb4 41. g3 Rc8 42. Bd5 Bxd5 43. Qxd5+ {KQR-KQR} Kf8 {( -> ...Qb2+)} 44. Rc2 {Threatens to win with e6.} Qa4 {[#]} 45. Qd3 $1 {[%csl LRc3,LRf5]} g6 $2 (45... Qe4 $18 46. Rxc3 Rxc3 47. Qxc3 Qe2+ 48. Kg1 Kf7) 46. d7 {White mates.} Rd8 47. Qd6+ {[%mdl 64] Double Attack} Kf7 48. Qf6+ {[%mdl 64] Double Attack. Accuracy: White = 60%, Black = 36%.} 1-0

[Event "Arisan Chess Ladies WGM 2019"]
[Site "Modra-Piesok"]
[Date "2019.09.15"]
[Round "2.1"]
[White "Dimitrijevic, Aleksandra"]
[Black "Kanakova, Natalie"]
[Result "0-1"]
[WhiteElo "2142"]
[BlackElo "2201"]
[Annotator "TA"]
[PlyCount "64"]
[EventDate "2019.09.14"]
[EventType "tourn"]
[EventRounds "10"]
[EventCountry "SVK"]
[SourceTitle "playchess.com"]
[Source "ChessBase"]
[SourceQuality "1"]

{[%evp 16,86,-18,-15,25,17,17,7,18,-19,2,-20,-22,-39,-47,-53,-37,-51,-60,-59,-56,-61,-40,-68,-36,-66,-69,-60,-59,-66,-66,-55,-59,-62,-66,-78,-58,-62,-58,-56,-63,-68,-61,-111,-59,-112,-112,-183,-129,-180,-156,-172,-51,-181,-191,-207,-206,-439,-393,-403,-439,-420,-412,-528,-528,-566,-553,-779,-803,-1256,-1170,-1083,-1080]} 1. d4 d5 2. Bf4 Nf6 3. Nf3 c5 4. c3 Nc6 5. e3 Qb6 6. Qb3 c4 7. Qc2 Bf5 8. Qc1 h6 9. Nbd2 Qd8 {D02: 1 d4 d5 2 Nf3 sidelines, including 2...Nf6 3 g3 and 2...Nf6 3 Bf4} (9... e6 10. Be2 Be7 11. b3 cxb3 12. axb3 O-O 13. O-O Rfc8 14. Qb2 a5 15. Ra4 Qd8 16. Rfa1 Ne8 17. h3 {½-½ (51) Yu,Y (2747)-Maze,S (2591) Caleta 2016}) 10. Be2 e6 11. O-O Be7 {The position is equal.} 12. Ne5 Rc8 $146 ({Predecessor:} 12... Nxe5 13. Bxe5 O-O 14. Bf3 Bd6 15. Bxd6 Qxd6 16. b3 b5 17. a4 {0-1 (40) Olcum,A (2281)-Pecurica,M (2329) Grohote 2018}) 13. Bg3 O-O 14. f3 b5 15. a3 $1 Bh7 16. Qe1 Nxe5 17. Bxe5 Nd7 18. Bg3 Bg5 19. Bf2 Nb6 20. h4 Be7 21. e4 Na4 22. Rb1 a5 23. Bd1 Nb6 24. Bc2 b4 25. axb4 axb4 26. Ra1 Qd7 27. cxb4 Bxb4 28. Qd1 Ra8 {[#] aiming for ...Rxa1.} 29. Qe2 Qc7 (29... Qb7 $17 30. Bg3 Nd7 31. Rxa8 Rxa8) 30. Qe3 (30. Rfb1 $15) 30... Qb7 31. Rfe1 (31. Rfd1 $17 {keeps fighting.}) 31... Nd7 ({Black should play} 31... dxe4 $19 {And now ...Nd5 would win.} 32. fxe4 Rxa1 33. Rxa1 Bxd2 {[%mdl 64] Overworked Piece} 34. Qxd2 Bxe4 35. Bxe4 Qxe4) 32. Rab1 (32. Rxa8 $17 Rxa8 33. Rc1) 32... Nf6 {Played: Ra8-a2} 0-1

[Event "Arisan Chess Ladies WGM 2019"]
[Site "Modra-Piesok"]
[Date "2019.09.15"]
[Round "2.2"]
[White "Trippold, Denise"]
[Black "Gvanceladze, Anna"]
[Result "1/2-1/2"]
[WhiteElo "2184"]
[BlackElo "2247"]
[Annotator "TA"]
[PlyCount "117"]
[EventDate "2019.09.14"]
[EventType "tourn"]
[EventRounds "10"]
[EventCountry "SVK"]
[SourceTitle "playchess.com"]
[Source "ChessBase"]
[SourceQuality "1"]

{[%evp 18,117,43,43,35,47,43,29,37,41,41,10,11,13,6,7,7,6,40,31,31,30,21,13,21,7,13,-25,22,0,0,0,0,0,0,-17,-8,-8,-6,-9,-2,-2,-2,-4,-4,-11,0,-31,-31,-31,-31,-33,-33,-84,-33,-39,-46,-42,0,0,0,-42,0,0,41,39,72,0,0,0,7,8,79,73,80,73,88,88,80,82,81,0,0,0,0,0,0,0,0,0,0,0,0,0,0,0,0,0,0,0,0,0]} 1. Nf3 d5 2. d4 c6 3. c4 Nf6 4. g3 g6 5. Bg2 Bg7 6. O-O O-O 7. Qb3 Qb6 8. Nc3 Nbd7 9. cxd5 Qxb3 10. axb3 Nxd5 {D78: Fianchetto Grünfeld: 6 0-0 c6} 11. Nxd5 cxd5 12. Bg5 $146 ({Predecessor:} 12. Be3 Nb8 13. b4 Nc6 14. b5 Nb4 15. Rfc1 Bd7 16. Bg5 Rfe8 17. Rc7 Bxb5 18. Rxb7 {0-1 (63) Duong,T (2425)-Nguyen,T (2330) Ho Chi Minh City 2010}) 12... Re8 {White has an edge.} 13. Rfc1 Nb8 14. Bd2 (14. Ne5 $5 {[%cal Rg2d5]}) 14... Nc6 15. e3 Bd7 16. Ne1 e6 17. Nd3 Bf8 18. Nc5 Bxc5 $1 19. Rxc5 a6 20. h4 Rec8 21. b4 Na7 22. e4 Rxc5 23. bxc5 dxe4 24. Bxe4 Bc6 $1 {[%cal Rc6e4]} 25. f3 Rd8 26. Be3 f5 27. Bxc6 $1 Nxc6 $11 {[%mdl 4096] Endgame KRB-KRN} 28. Rd1 Nb4 29. Bf4 Rd5 30. Be5 Kf7 31. Kf2 Ke8 32. h5 gxh5 33. f4 Kf7 34. Kf3 Kg6 35. Bh8 (35. Ra1 $15) 35... Nc6 (35... b5 $17) 36. Ke3 Rd8 37. Be5 $1 Nxe5 38. fxe5 $15 {KR-KR} Kg5 39. Kf3 Rd7 40. Rd3 h4 41. gxh4+ Kh5 42. d5 (42. Kf4 $16) 42... Rxd5 $11 43. Rxd5 exd5 {KP-KP} 44. Kf4 $1 {[%cal Rf4f5]} d4 (44... Kg6 $11 45. h5+ Kf7 46. Kxf5 a5) 45. Kxf5 $16 d3 46. e6 {[#] White threatens e7 and mate.} d2 47. e7 d1=Q 48. e8=Q+ Kxh4 {KQ-KQ} 49. Qe4+ (49. Qe7+ $16 Kh3 50. Qxh7+ Kg3 51. Qxb7 Qh5+ 52. Ke6 Qxc5 53. Qxa6) 49... Kg3 $11 {The position is equal.} 50. Qxb7 {And now c6 would win.} Qc2+ 51. Ke6 {[#] aiming for Qg7+.} Qxc5 {Hoping for ...Qc4+.} 52. Qxh7 Qb6+ 53. Kd5 Qb5+ 54. Ke4 Qb4+ 55. Kd5 Qb3+ 56. Kc6 Qb5+ 57. Kc7 Qxb2 58. Qd3+ Kf4 59. Qxa6 {Accuracy: White = 67%, Black = 60%.} 1/2-1/2

[Event "Arisan Chess Ladies WGM 2019"]
[Site "Modra-Piesok"]
[Date "2019.09.15"]
[Round "2.3"]
[White "Kantorik, Marian"]
[Black "Cibickova, Zuzana"]
[Result "1/2-1/2"]
[WhiteElo "2150"]
[BlackElo "2244"]
[Annotator "TA"]
[PlyCount "42"]
[EventDate "2019.09.14"]
[EventType "tourn"]
[EventRounds "10"]
[EventCountry "SVK"]
[SourceTitle "playchess.com"]
[Source "ChessBase"]
[SourceQuality "1"]

{[%evp 23,42,0,0,0,0,0,0,-2,0,0,0,0,0,0,0,0,0,0,0,0,5]} 1. d4 d5 2. c4 c6 3. Nf3 Nf6 4. cxd5 cxd5 5. Nc3 Nc6 6. Bf4 Bf5 7. e3 e6 8. Bd3 Bxd3 9. Qxd3 Bd6 10. Bxd6 Qxd6 11. O-O O-O 12. Rac1 Rfc8 {The position is equal.} 13. Rfd1 {D14: Slav Defence: Exchange variation with ...Bf5} (13. a3 a6 14. Na4 Na5 15. Ne5 b5 16. Nc5 Nc4 17. Nxc4 bxc4 18. Qe2 h6 19. e4 Nxe4 20. Nxe4 dxe4 21. Rxc4 Rxc4 22. Qxc4 {½-½ (31) Wang,Y (2690)-Ni,H (2670) China 2018}) 13... h6 14. h3 Nd7 15. e4 $146 ({Predecessor:} 15. Qe2 Nf6 16. Rc2 Nb4 17. Rcc1 Nc6 18. Rc2 Nb4 19. Rcc1 Nc6 20. Rc2 Nb4 21. Rcc1 Nc6 {½-½ (21) Nouri,H (2327)-Reyes,N (2342) Manila 2016}) 15... dxe4 16. Nxe4 Qd5 17. Nc3 Qd6 18. Ne4 Qd5 19. Nc3 Qd6 20. Ne4 Qd5 21. Nc3 Qd6 1/2-1/2

[Event "Arisan Chess Ladies WGM 2019"]
[Site "Modra-Piesok"]
[Date "2019.09.16"]
[Round "3.1"]
[White "Cibickova, Zuzana"]
[Black "Dimitrijevic, Aleksandra"]
[Result "1-0"]
[WhiteElo "2244"]
[BlackElo "2142"]
[Annotator "TA"]
[PlyCount "139"]
[EventDate "2019.09.14"]
[EventType "tourn"]
[EventCountry "SVK"]
[SourceTitle "playchess.com"]
[Source "ChessBase"]
[SourceQuality "1"]

{[%evp 12,139,48,37,56,58,57,62,55,0,35,0,0,0,18,30,66,65,71,63,88,43,47,32,53,41,94,13,106,100,108,77,104,78,78,79,94,75,92,63,68,40,42,35,31,32,33,16,18,11,16,8,14,13,10,16,17,8,8,0,44,14,132,150,147,29,38,45,189,181,177,172,234,238,247,186,181,193,193,183,197,181,163,181,155,144,147,141,1081,1057,995,1008,712,701,1193,1055,6418,7431,7742,4923,1104,2311,5018,4489,6916,5405,29951,5069,29957,29956,29957,29958,12845,5425,29980,29981,29980,29977,29983,29984,29984,29985,29985,29986,29985,29983,29984,29985,29985,29986]} 1. e4 c5 2. Nf3 Nc6 3. d4 cxd4 4. Nxd4 Nf6 5. Nc3 d6 6. Bg5 Bd7 7. Qd2 h6 {B61: Sicilian: Richter-Rauzer: 6...Bd7 7 Qd2} 8. Bxf6 $1 gxf6 9. Nf5 Qa5 {White is slightly better.} 10. Nd5 $146 (10. Bb5 $14) ({Predecessor:} 10. Ne3 Rc8 11. f4 f5 12. exf5 Bxf5 13. Nxf5 Qxf5 14. Bd3 Qc5 15. Ne4 Qb6 16. c3 d5 17. Nf2 Kd8 18. O-O Kc7 19. a4 Kb8 20. Bb5 e6 21. Bxc6 Qxc6 22. Nd3 {½-½ (22) Belov,V (2595)-Dreev,A (2650) Moscow 2010}) 10... Qxd2+ $11 11. Kxd2 {[#] Black must now prevent Nc7+.} O-O-O 12. Ng3 Rg8 (12... h5 {feels hotter.} 13. h4 Bg7 14. Be2 e6 15. Nc3 Bh6+) 13. Be2 (13. Bb5 {keeps more tension.} a6 14. Ba4 b5 15. Bb3 Kb7 16. c3) 13... Bg4 14. Bxg4+ Rxg4 15. Ne3 $36 {[%mdl 2048] White has some pressure.} Rg6 16. c4 e6 17. Rad1 Be7 18. Ke2 b6 (18... Rh8 $14) 19. Nh5 ({White should play} 19. f4 $16) 19... Kd7 (19... Rg5 $11 20. Ng3 Ra5) 20. f4 $16 Rc8 21. h3 a6 22. Rd2 Na5 23. b3 b5 {[%cal Rb5c4]} 24. cxb5 axb5 25. Rf1 Rc3 26. f5 Rg5 27. fxe6+ fxe6 28. Nxf6+ Kc8 29. Rd3 Rxd3 30. Kxd3 Nc6 31. a3 b4 32. axb4 Nxb4+ 33. Kc3 Nc6 34. g4 Rc5+ 35. Kb2 Rb5 36. Nc2 d5 (36... Re5 $11) 37. exd5 exd5 38. Ng8 ({White should try} 38. Rf5 $16) 38... Bd6 $11 39. Nxh6 d4 ({Better is} 39... Be5+ $14 40. Ka2 Nb4+ 41. Kb1 Nd3) 40. Nf7 Be7 41. Na3 Rd5 (41... Rc5 {is a better defense.} 42. Nc4 Kd7) 42. Nc4 $18 {[#] Hoping for Nb6+.} Kc7 43. Rf5 Rxf5 44. gxf5 {[%mdl 4096] Endgame KBN-KNN} Bf6 45. Kc2 Nb4+ 46. Kd2 Kc6 47. Nce5+ Kd5 48. Ng4 Bh4 49. f6 Bxf6 $2 {[%mdl 8192]} (49... d3 $16 50. Nfh6 Ke6) 50. Nxf6+ Ke6 51. Ng5+ Kxf6 {KN-KN} 52. Nf3 Kf5 53. Nxd4+ Kf4 54. Kc3 Na2+ 55. Kb2 Nb4 56. Ne2+ Kf3 57. Ng1+ Kg2 58. Kc3 Nd5+ 59. Kd4 Nf6 60. Ke5 Nd7+ 61. Kd6 Nf6 62. b4 {[%cal Bb3b4,Bb4b5][%mdl 32]} Kxg1 {KN-KPP} 63. b5 {White mates.} Ne4+ 64. Ke5 Nc5 65. h4 Kf2 66. h5 Ke3 67. h6 Nd7+ 68. Ke6 Nf8+ 69. Kf7 Nh7 70. b6 {Accuracy: White = 51%, Black = 35%.} 1-0

[Event "Arisan Chess Ladies WGM 2019"]
[Site "Modra-Piesok"]
[Date "2019.09.16"]
[Round "3.2"]
[White "Gvanceladze, Anna"]
[Black "Kantorik, Marian"]
[Result "1/2-1/2"]
[WhiteElo "2247"]
[BlackElo "2150"]
[Annotator "TA"]
[PlyCount "125"]
[EventDate "2019.09.14"]
[EventType "tourn"]
[EventCountry "SVK"]
[SourceTitle "playchess.com"]
[Source "ChessBase"]
[SourceQuality "1"]

{[%evp 14,125,9,8,22,18,16,0,16,0,0,0,8,-6,0,0,50,33,66,52,89,92,89,53,66,69,76,66,89,31,56,55,61,47,47,34,39,47,90,13,116,117,155,147,160,166,161,136,120,131,125,67,67,69,70,58,58,58,58,60,92,92,92,92,101,100,87,57,57,57,57,57,57,57,66,57,57,57,57,57,57,57,57,57,57,57,57,57,65,65,66,66,66,66,66,66,66,66,66,42,42,42,42,42,42,42,42,42,42,42,42,42,42,0]} 1. d4 d5 2. Nf3 c5 3. e3 e6 4. b3 Nc6 5. Bb2 Nf6 6. Bd3 Be7 7. O-O O-O 8. Nbd2 cxd4 {D05: Colle System with ...e6} (8... b6 9. a3 Bb7 10. Qe2 Qc7 11. Rac1 Rac8 12. c4 dxc4 13. bxc4 cxd4 14. exd4 Rfe8 15. Rfe1 Qb8 16. Ne4 Na5 17. Neg5 Qf4 18. Nxe6 fxe6 19. Qxe6+ {0-1 (33) Mamedyarov,S (2808)-Nakamura,H (2769) Paris 2018}) 9. exd4 b6 10. Ne5 Bb7 {The position is equal.} 11. Nxc6 Bxc6 12. Qe2 Nd7 $146 ({Predecessor:} 12... Qc7 13. Nf3 Bb7 14. Ne5 Bd6 {½-½ (34) Frosch,R (2218)-Stagl,M (2132) Graz 2014}) 13. f4 g6 14. Rae1 Bf6 15. c3 Re8 16. Nf3 Bg7 17. Ne5 Qc7 18. Rf3 Bb7 19. Bb5 Bc8 20. Re3 {Black must now prevent Nxf7.} a6 {[#]} 21. Bd3 (21. Bc6 $1 $16 {[%cal Rc6a8]} Ra7 22. Ba3) 21... Nf6 22. g4 $36 {[%mdl 2048] White is pushing.} Bb7 23. g5 Ne4 24. Qg4 {[%cal Rd3e4]} f5 25. gxf6 $1 Bxf6 26. R1e2 (26. Ba3 $16) 26... Rac8 (26... Bxe5 $1 $11 27. fxe5 Qe7) 27. Rg2 $16 Qg7 {[#]} 28. h4 $1 Bxe5 29. fxe5 Kh8 30. Bxe4 dxe4 31. h5 g5 32. Qxg5 (32. Rf2 $16) 32... Qxg5 $14 33. Rxg5 Rg8 34. Reg3 Rxg5 35. Rxg5 {[%mdl 4096] Endgame KRB-KRB} Rg8 36. Bc1 Rxg5+ 37. Bxg5 {KB-KB} Kg7 38. Kf2 Kf7 39. Bd8 b5 40. Ke3 Ke8 {White is slightly better.} 41. Bg5 Bd5 42. Kd2 Kd7 43. Kc2 Kc6 44. Be3 Kb7 45. Kb2 Kc7 46. Ka3 a5 47. Bg5 Kd7 48. Kb2 Kc7 49. Kc2 Kd7 50. Bd2 a4 51. Kb2 axb3 52. axb3 Bb7 53. Ka3 Kc6 54. Kb4 Bc8 55. Be3 Bd7 56. Ka3 h6 57. Bxh6 Be8 58. c4 bxc4 59. bxc4 Bxh5 60. Kb4 Be2 61. Be3 Bf1 62. Kc3 Be2 63. Kb4 {Accuracy: White = 64%, Black = 59%.} 1/2-1/2

[Event "Arisan Chess Ladies WGM 2019"]
[Site "Modra-Piesok"]
[Date "2019.09.16"]
[Round "3.3"]
[White "Kanakova, Natalie"]
[Black "Trippold, Denise"]
[Result "0-1"]
[WhiteElo "2201"]
[BlackElo "2184"]
[Annotator "TA"]
[PlyCount "92"]
[EventDate "2019.09.14"]
[EventType "tourn"]
[EventCountry "SVK"]
[SourceTitle "playchess.com"]
[Source "ChessBase"]
[SourceQuality "1"]

{[%evp 12,92,0,0,0,-10,0,0,-2,-17,1,-2,0,0,0,0,10,0,-1,-8,-4,0,-5,-1,0,0,0,0,14,-2,0,0,13,-24,0,-3,-11,-14,0,-21,-5,-19,6,-79,-80,-81,-21,-33,-7,-7,0,0,3,0,23,-58,-58,-58,-58,-110,-122,-128,-119,-110,-108,-249,-257,-279,-258,-325,-297,-378,-327,-322,-320,-443,-383,-467,-377,-377,-377,-458,-377]} 1. Nf3 d5 2. e3 e6 3. c4 Nf6 4. b3 Be7 5. Bb2 O-O 6. Be2 c5 7. O-O b6 {A13: English Opening: 1...e6} (7... Nc6 8. d4 cxd4 9. Nxd4 Bd7 10. Nd2 Nxd4 11. Bxd4 Bc6 12. Rc1 a6 13. Rc2 Rc8 14. Qa1 dxc4 15. Nxc4 Bxg2 16. Kxg2 b5 17. Rd1 Qd5+ 18. Bf3 Qg5+ 19. Kh1 Qf5 20. Bb7 Qxc2 21. Bxc8 Rxc8 22. Nd2 Qf5 23. f3 Rc2 24. e4 Qf4 25. Be5 Qe3 {0-1 (25) Vachier Lagrave,M (2779)-Dominguez Perez,L (2739) chess.com INT 2018}) 8. Qc2 Bb7 9. cxd5 Nxd5 {The position is equal.} 10. a3 Nd7 11. d3 Rc8 12. Nbd2 {[%cal Bb1d2,Bd2c4,Bc4e5][%mdl 32]} Bf6 13. Rac1 $146 ({Predecessor:} 13. Ne4 Bxb2 14. Qxb2 {1-0 (42) Kvon,A (2425)-Aripov,I (1841) Tashkent 2008}) 13... Qe7 14. Nc4 Rfd8 15. Rfe1 Nb8 16. Nce5 Nc6 17. Qb1 Na5 18. Ba1 h6 19. Red1 a6 20. Qa2 b5 21. Bf1 Nb6 22. Bc3 Nc6 23. Qa1 Nxe5 24. Nxe5 Bd5 25. Rb1 Qc7 26. Rdc1 Qd6 27. Nf3 (27. e4 $11 {remains equal.} Bc6 28. f4) 27... Bxc3 $17 28. Qxc3 Nd7 (28... Bxf3 $1 $17 29. gxf3 e5) 29. Nd2 Bb7 30. b4 cxb4 31. Qxb4 Qxb4 32. axb4 Ne5 33. d4 ({White should play} 33. Nb3 $11) 33... Rxc1 $15 34. Rxc1 Nc6 35. Rb1 (35. Nb3 $15) 35... e5 $17 36. Nb3 exd4 37. Nc5 Bc8 38. exd4 (38. Be2 $17 {was necessary.}) 38... Rxd4 $19 39. Re1 {next Re8+ is good for White.} Kf8 40. Nd3 Nxb4 41. Rc1 Be6 ({Don't play} 41... Nxd3 42. Rxc8+ Ke7 43. Rc7+ Ke8 44. Rc2 $19) 42. Nc5 Bc4 43. Ra1 {[#]} a5 $1 {[%cal Ba6a5,Ba5a4][%mdl 32]} 44. g3 (44. Rxa5 Rd1) 44... Bxf1 45. Kxf1 a4 46. Ra3 Ke7 {Accuracy: White = 31%, Black = 43%.} 0-1